[Event "BEL-chT 1718"]
[Site "Belgium"]
[Date "2018.03.11"]
[Round "8.8"]
[White "Sterck, Arno"]
[Black "Gillot, Florent"]
[Result "1-0"]
[WhiteElo "2268"]
[BlackElo "1962"]
[PlyCount "93"]
[EventDate "2017.09.24"]
[EventType "team-tourn"]
[EventRounds "11"]
[EventCountry "BEL"]
[SourceTitle "EXT 2019"]
[Source "ChessBase"]
[SourceDate "2018.10.10"]
[SourceVersion "1"]
[SourceVersionDate "2018.10.10"]
[SourceQuality "1"]
[WhiteTeam "KBSK Brugge"]
[BlackTeam "Charleroi CREC"]
[WhiteTeamCountry "BEL"]
[BlackTeamCountry "BEL"]

1. Nf3 Nf6 2. d4 e6 3. g3 d5 4. c4 c6 5. Bg2 Bd6 6. 0-0 Nbd7 7. Nfd2 0-0 8. Nc3 Re8 9. e4 dxe4 10. Ndxe4 Nxe4 11. Nxe4 Be7 12. Bf4 Nf6 13. Nxf6+ Bxf6 14. Be5 Bxe5 15. dxe5 Qe7 16. Qd6 Qxd6 17. exd6 e5 18. Rfd1 Bd7 19. b4 e4 20. c5 f5 21. f3 Re5 22. Rd4 Rae8 23. Kf2 g5 24. fxe4 fxe4 25. Ke3 Bf5 26. Rf1 Kg7 27. g4 Bxg4 28. Rxe4 Rxe4+ 29. Bxe4 Bd7 30. Kd4 h6 31. Bf5 Rf8 32. Bd3 Rxf1 33. Bxf1 Kf6 34. Bg2 Kf5 35. b5 a6 36. b6 g4 37. Bf1 Bc8 38. Bxa6 Ke6 39. Bc4+ Kf6 40. a4 h5 41. Ke4 h4 42. a5 g3 43. hxg3 h3 44. Bf1 h2 45. Bg2 Be6 46. Ke3 Bd5 47. Kf2 1-0

[Event "Agneaux St Lo op 18th"]
[Site "Agneaux"]
[Date "2017.07.12"]
[Round "6.1"]
[White "Gillot, Florent"]
[Black "Damen, Jip"]
[Result "0-1"]
[WhiteElo "1971"]
[BlackElo "1986"]
[PlyCount "64"]
[EventDate "2017.07.08"]
[EventType "swiss"]
[EventRounds "9"]
[EventCountry "FRA"]
[SourceTitle "EXT 2020"]
[Source "ChessBase"]
[SourceDate "2019.10.17"]
[SourceVersion "1"]
[SourceVersionDate "2019.10.17"]
[SourceQuality "1"]

1. d4 Nf6 2. Nf3 g6 3. Nbd2 d5 4. b4 Bg7 5. e3 0-0 6. Bb2 a5 7. b5 a4 8. c4 c6 9. Rc1 dxc4 10. Bxc4 cxb5 11. Bxb5 Qb6 12. Qe2 Bd7 13. Rc5 Na6 14. Bxa6 Qxb2 15. Bd3 Rfc8 16. Rxc8+ Rxc8 17. 0-0 Qxa2 18. Bc4 Qc2 19. Ra1 Ne4 20. Bd3 Qc3 21. Rb1 Nxd2 22. Nxd2 a3 23. Ne4 Qc1+ 24. Qf1 Qxf1+ 25. Kxf1 b5 26. Ke2 e5 27. Nd6 Rb8 28. e4 exd4 29. f4 Bf8 30. e5 Bxd6 31. exd6 b4 32. Bc4 Bf5 0-1

[Event "Agneaux St Lo op 18th"]
[Site "Agneaux"]
[Date "2017.07.08"]
[Round "2.2"]
[White "Gillot, Florent"]
[Black "Fevrier, Yann"]
[Result "1-0"]
[WhiteElo "1971"]
[BlackElo "1657"]
[PlyCount "67"]
[EventDate "2017.07.08"]
[EventType "swiss"]
[EventRounds "9"]
[EventCountry "FRA"]
[SourceTitle "EXT 2020"]
[Source "ChessBase"]
[SourceDate "2019.10.17"]
[SourceVersion "1"]
[SourceVersionDate "2019.10.17"]
[SourceQuality "1"]

1. d4 d5 2. Nf3 Nf6 3. e3 Bf5 4. c4 e6 5. Nc3 c6 6. Qb3 Qc7 7. Bd2 Nbd7 8. Rc1 Qb6 9. Nh4 Bg6 10. Nxg6 fxg6 11. Be2 Be7 12. 0-0 0-0 13. f4 Rac8 14. c5 Qc7 15. Qc2 Rcd8 16. b4 b5 17. Bf3 a5 18. bxa5 Ra8 19. Nd1 Bd8 20. a4 Qb7 21. axb5 Qxb5 22. Rb1 Qa6 23. Nf2 Bc7 24. Bc3 Nb8 25. Ra1 Qc8 26. Nd3 Na6 27. Nb4 Nxb4 28. Bxb4 Nd7 29. Bc3 Nb8 30. Be2 Na6 31. Bd3 Qb7 32. Rfb1 Qa7 33. Qe2 Rfb8 34. Rb6 1-0

[Event "BEL-ch U20"]
[Site "Blankenberge"]
[Date "2017.04.11"]
[Round "4"]
[White "Carpentier, Jannes"]
[Black "Gillot, Florent"]
[Result "0-1"]
[WhiteElo "1849"]
[BlackElo "1941"]
[PlyCount "60"]
[EventDate "2017.04.09"]
[EventType "swiss"]
[EventRounds "9"]
[EventCountry "BEL"]
[SourceTitle "CBM 178 Extra"]
[Source "ChessBase"]
[SourceDate "2017.06.22"]
[SourceVersion "1"]
[SourceVersionDate "2017.06.22"]
[SourceQuality "1"]

1. b3 d5 2. Bb2 Bg4 3. f3 Bf5 4. e4 dxe4 5. fxe4 Bxe4 6. Nf3 e6 7. Bc4 Nf6 8. 0-0 Be7 9. Nc3 Bg6 10. d4 c6 11. Ne5 Nbd7 12. Qe2 Nb6 13. Rad1 Qc7 14. Bc1 0-0 15. Bf4 Bd6 16. Bd3 Rae8 17. Bg5 Nbd5 18. Nxd5 Nxd5 19. c4 Nc3 20. Qe3 Nxd1 21. Rxd1 Bxd3 22. Nxd3 f6 23. Bf4 Bxf4 24. Nxf4 e5 25. Nh5 exd4 26. Qxd4 Rd8 27. Qg4 Rxd1+ 28. Qxd1 Qe5 29. h3 g6 30. Qg4 Qxh5 0-1

[Event "BEL-ch U20"]
[Site "Blankenberge"]
[Date "2017.04.10"]
[Round "2"]
[White "Mitran, Anthony Cristian"]
[Black "Gillot, Florent"]
[Result "1/2-1/2"]
[WhiteElo "2142"]
[BlackElo "1941"]
[PlyCount "49"]
[EventDate "2017.04.09"]
[EventType "swiss"]
[EventRounds "9"]
[EventCountry "BEL"]
[SourceTitle "CBM 178 Extra"]
[Source "ChessBase"]
[SourceDate "2017.06.22"]
[SourceVersion "1"]
[SourceVersionDate "2017.06.22"]
[SourceQuality "1"]

1. c4 Nf6 2. Nc3 e6 3. g3 c5 4. Bg2 Nc6 5. e3 a6 6. Nge2 Be7 7. 0-0 0-0 8. f4 d5 9. d3 dxc4 10. dxc4 Qc7 11. a3 Rb8 12. Qc2 Rd8 13. b3 b5 14. cxb5 axb5 15. Ne4 Nxe4 16. Bxe4 f5 17. Bf3 Bf6 18. Rb1 Qb6 19. g4 g6 20. Ng3 Ne7 21. gxf5 exf5 22. Rf2 Be6 23. Rg2 Kf7 24. Kh1 c4 25. bxc4 1/2-1/2

[Event "Agneaux St Lo op 17th"]
[Site "Agneaux"]
[Date "2016.07.13"]
[Round "8.3"]
[White "Gillot, Florent"]
[Black "Pheng, Wissam"]
[Result "1/2-1/2"]
[WhiteElo "1888"]
[BlackElo "1629"]
[PlyCount "66"]
[EventDate "2016.07.07"]
[EventType "swiss"]
[EventRounds "9"]
[EventCountry "FRA"]
[SourceTitle "EXT 2020"]
[Source "ChessBase"]
[SourceDate "2019.10.17"]
[SourceVersion "1"]
[SourceVersionDate "2019.10.17"]
[SourceQuality "1"]

1. d4 f5 2. Nf3 Nf6 3. c4 g6 4. g3 Bg7 5. Bg2 0-0 6. Nc3 d6 7. 0-0 c6 8. Qc2 Qe8 9. e4 fxe4 10. Nxe4 Nxe4 11. Qxe4 Bf5 12. Qe3 Bf6 13. Re1 Qd7 14. Bd2 Na6 15. Bc3 Rae8 16. Nd2 e5 17. d5 Nc5 18. Ne4 Nxe4 19. Bxe4 Bxe4 20. Qxe4 c5 21. Re2 Re7 22. Rae1 Rfe8 23. b3 b6 24. Bd2 Kg7 25. Kg2 h6 26. h4 Qf5 27. Rh1 Qxe4+ 28. Rxe4 Rf8 29. Rhe1 Rfe8 30. f4 exf4 31. Rxe7+ Rxe7 32. Rxe7+ Bxe7 33. Bxf4 g5 1/2-1/2

[Event "Agneaux St Lo U16 op 17th"]
[Site "Agneaux"]
[Date "2015.07.10"]
[Round "7"]
[White "Decaen, Melvyn"]
[Black "Gillot, Florent"]
[Result "1/2-1/2"]
[WhiteElo "1673"]
[BlackElo "1869"]
[PlyCount "49"]
[EventDate "2015.07.03"]
[EventType "swiss"]
[EventRounds "9"]
[EventCountry "FRA"]
[SourceTitle "EXT 2016"]
[Source "ChessBase"]
[SourceDate "2015.10.08"]
[SourceVersion "1"]
[SourceVersionDate "2015.10.08"]
[SourceQuality "1"]

1. e4 c5 2. d4 cxd4 3. c3 Nf6 4. e5 Nd5 5. cxd4 e6 6. Nf3 d6 7. Be2 Nc6 8. 0-0 Qc7 9. Re1 Be7 10. Nc3 Nxc3 11. bxc3 dxe5 12. dxe5 0-0 13. Bf4 Rd8 14. Qb3 b6 15. Rad1 Bb7 16. Nd4 Nxd4 17. cxd4 Bd5 18. Qg3 Bxa2 19. h4 Bd5 20. Bh6 g6 21. h5 Bf8 22. Bg5 Be7 23. Bh6 Bf8 24. Bg5 Be7 25. Bh6 1/2-1/2

[Event "Agneaux St Lo U16 op 17th"]
[Site "Agneaux"]
[Date "2015.07.05"]
[Round "1"]
[White "Marguerite, Gauthier"]
[Black "Gillot, Florent"]
[Result "1/2-1/2"]
[WhiteElo "1563"]
[BlackElo "1869"]
[PlyCount "76"]
[EventDate "2015.07.03"]
[EventType "swiss"]
[EventRounds "9"]
[EventCountry "FRA"]
[SourceTitle "EXT 2016"]
[Source "ChessBase"]
[SourceDate "2015.10.08"]
[SourceVersion "1"]
[SourceVersionDate "2015.10.08"]
[SourceQuality "1"]

1. e4 c5 2. c3 Nf6 3. e5 Nd5 4. d4 cxd4 5. Nf3 Nc6 6. cxd4 e6 7. Nc3 Nxc3 8. bxc3 Qc7 9. Bd2 d6 10. exd6 Bxd6 11. Bd3 h6 12. 0-0 0-0 13. Re1 e5 14. dxe5 Nxe5 15. Nxe5 Bxe5 16. Qh5 Bf4 17. Bxf4 Qxf4 18. Re3 Be6 19. Rb1 b6 20. Rb4 Qg5 21. Qe2 Rac8 22. h3 Rc5 23. Rb5 Rxb5 24. Bxb5 Rd8 25. c4 Qf6 26. a4 Rd4 27. Rd3 Qd8 28. Rxd4 Qxd4 29. Kf1 Qa1+ 30. Qe1 Qa2 31. Qc1 Bf5 32. c5 bxc5 33. Qxc5 Qb1+ 34. Ke2 Qc2+ 35. Qxc2 Bxc2 36. Ke3 Kf8 37. Kd4 Ke7 38. Kc5 Kd8 1/2-1/2

[Event "BEL-ch U18"]
[Site "Blankenberge"]
[Date "2015.04.18"]
[Round "9"]
[White "Veestraeten, Bram"]
[Black "Gillot, Florent"]
[Result "1/2-1/2"]
[WhiteElo "1635"]
[BlackElo "1983"]
[PlyCount "30"]
[EventDate "2015.04.12"]
[EventType "swiss"]
[EventRounds "9"]
[EventCountry "BEL"]
[SourceTitle "CBM 166 Extra"]
[Source "ChessBase"]
[SourceDate "2015.06.18"]
[SourceVersion "1"]
[SourceVersionDate "2015.06.18"]
[SourceQuality "1"]

1. e4 e6 2. d4 d5 3. Bd3 dxe4 4. Bxe4 Nf6 5. Bd3 Bd6 6. Nf3 Nbd7 7. Nbd2 0-0 8. Nc4 Be7 9. c3 b6 10. Bf4 Bb7 11. 0-0 Re8 12. Re1 h6 13. Nce5 Nxe5 14. Nxe5 Qd5 15. f3 c5 1/2-1/2

[Event "BEL-ch U18"]
[Site "Blankenberge"]
[Date "2015.04.17"]
[Round "8"]
[White "Gillot, Florent"]
[Black "Vincent, Ayla"]
[Result "1/2-1/2"]
[WhiteElo "1983"]
[BlackElo "1640"]
[PlyCount "120"]
[EventDate "2015.04.12"]
[EventType "swiss"]
[EventRounds "9"]
[EventCountry "BEL"]
[SourceTitle "CBM 166 Extra"]
[Source "ChessBase"]
[SourceDate "2015.06.18"]
[SourceVersion "1"]
[SourceVersionDate "2015.06.18"]
[SourceQuality "1"]

1. e4 c5 2. Nf3 Nc6 3. d4 cxd4 4. Nxd4 Nf6 5. Nc3 e5 6. Ndb5 d6 7. Bg5 a6 8. Na3 b5 9. Bxf6 gxf6 10. Nd5 Bg7 11. c3 f5 12. Bd3 Be6 13. Qf3 f4 14. g3 fxg3 15. hxg3 h6 16. Nc2 0-0 17. Nce3 Rb8 18. Nf5 Bxf5 19. exf5 f6 20. Qg4 Kh8 21. Ke2 Qe8 22. Nc7 Qf7 23. Ne6 Rg8 24. Qh4 Kh7 25. g4 Rh8 26. Be4 Ne7 27. Rh2 d5 28. Bc2 Kg8 29. Qh5 Qxh5 30. Rxh5 Kf7 31. Bb3 Rb6 32. Rd1 Rd6 33. Rh3 Rxe6 34. fxe6+ Kxe6 35. Rhd3 Rd8 36. Kf1 e4 37. Rd4 f5 38. gxf5+ Kxf5 39. R4d2 Ke5 40. Ke2 Bf6 41. a4 bxa4 42. Bxa4 Nf5 43. Bb3 Ne7 44. Ra1 Rd6 45. Ra5 Bg5 46. Rd1 Bh4 47. Ba2 Rf6 48. Rf1 Rb6 49. b4 Rc6 50. Rc5 Rb6 51. Rh1 Bg5 52. Rd1 Rb5 53. Rxb5 axb5 54. Bb3 Ke6 55. Ra1 Bf6 56. Ra6+ Kf5 57. Kd2 Bg5+ 58. Kd1 Bf6 59. Kc2 h5 60. Ra1 h4 1/2-1/2

[Event "BEL-ch U16"]
[Site "Blankenberge"]
[Date "2014.04.14"]
[Round "2"]
[White "Gillot, Florent"]
[Black "Beukema, Christiaan"]
[Result "1/2-1/2"]
[WhiteElo "1758"]
[BlackElo "1464"]
[PlyCount "43"]
[EventDate "2014.04.??"]
[EventType "swiss"]
[EventRounds "9"]
[EventCountry "BEL"]
[SourceTitle "EXT 2015"]
[Source "ChessBase"]
[SourceDate "2014.11.20"]
[SourceVersion "1"]
[SourceVersionDate "2014.11.20"]
[SourceQuality "1"]

1. e4 e5 2. Nf3 Nc6 3. Bc4 Bc5 4. c3 Nf6 5. d4 exd4 6. e5 Ne4 7. cxd4 Bb4+ 8. Bd2 Nxd2 9. Nbxd2 Qe7 10. 0-0 0-0 11. a3 Ba5 12. Re1 d6 13. h3 Bf5 14. b4 Bb6 15. Nb3 a6 16. Qd2 Rad8 17. Qf4 Bg6 18. Rad1 dxe5 19. Nxe5 Nxe5 20. Rxe5 Qd6 21. Rd2 Kh8 22. Qg3 1/2-1/2

[Event "BEL-ch U16"]
[Site "Blankenberge"]
[Date "2014.04.14"]
[Round "3"]
[White "Veestraeten, Bram"]
[Black "Gillot, Florent"]
[Result "1/2-1/2"]
[WhiteElo "1490"]
[BlackElo "1758"]
[PlyCount "57"]
[EventDate "2014.04.??"]
[EventType "swiss"]
[EventRounds "9"]
[EventCountry "BEL"]
[SourceTitle "EXT 2015"]
[Source "ChessBase"]
[SourceDate "2014.11.20"]
[SourceVersion "1"]
[SourceVersionDate "2014.11.20"]
[SourceQuality "1"]

1. e4 e6 2. d4 d5 3. Nc3 dxe4 4. Nxe4 Be7 5. Nf3 Nd7 6. Bd3 Ngf6 7. c3 Nxe4 8. Bxe4 Nf6 9. Bc2 h6 10. 0-0 Bd7 11. Ne5 c5 12. Be3 cxd4 13. Bxd4 a6 14. Qf3 Bb5 15. Rfd1 Qd5 16. Qxd5 exd5 17. Rd2 0-0 18. Rad1 Ne4 19. Bxe4 dxe4 20. Re1 Bg5 21. Be3 Bxe3 22. Rxe3 Rad8 23. Rxd8 Rxd8 24. h3 Rd1+ 25. Kh2 Bd3 26. Nxd3 exd3 27. Kg3 Kf8 28. Kf3 Rd2 29. b4 1/2-1/2

[Event "BEL-ch U16"]
[Site "Blankenberge"]
[Date "2014.04.13"]
[Round "1"]
[White "Marchal, Anais"]
[Black "Gillot, Florent"]
[Result "0-1"]
[WhiteElo "1278"]
[BlackElo "1758"]
[PlyCount "78"]
[EventDate "2014.04.??"]
[EventType "swiss"]
[EventRounds "9"]
[EventCountry "BEL"]
[SourceTitle "EXT 2015"]
[Source "ChessBase"]
[SourceDate "2014.11.20"]
[SourceVersion "1"]
[SourceVersionDate "2014.11.20"]
[SourceQuality "1"]

1. e4 e6 2. Nc3 d5 3. exd5 exd5 4. d4 Nf6 5. Nf3 c6 6. Be2 Bd6 7. Be3 0-0 8. Qd2 Qa5 9. 0-0 Bb4 10. a3 Bxc3 11. bxc3 Ne4 12. Qd3 Qxc3 13. Bd2 Qxd3 14. Bxd3 Nxd2 15. Nxd2 Be6 16. c4 Nd7 17. cxd5 Bxd5 18. Be4 Nf6 19. Bxd5 cxd5 20. Nf3 Rac8 21. Rab1 Rc7 22. Rfe1 b6 23. h3 Rfc8 24. Rb4 Rc1 25. Rxc1 Rxc1+ 26. Kh2 Rc3 27. Ra4 a5 28. Ne5 Kf8 29. f3 Ke7 30. Kg3 Nd7 31. Ng4 Nb8 32. Kf4 f6 33. Ne3 g5+ 34. Kf5 Rxe3 35. f4 gxf4 36. Kxf4 Re4+ 37. Kf5 Nc6 38. g4 Kf7 39. h4 Ne7# 0-1

[Event "Wch U16"]
[Site "Al Ain"]
[Date "2013.12.27"]
[Round "10"]
[White "Lien, Kjell Hakon"]
[Black "Gillot, Florent"]
[Result "1/2-1/2"]
[WhiteElo "2011"]
[BlackElo "1731"]
[PlyCount "138"]
[EventDate "2013.12.18"]
[EventType "swiss"]
[EventRounds "11"]
[EventCountry "UAE"]
[SourceTitle "CBM 158 Extra"]
[Source "ChessBase"]
[SourceDate "2014.02.28"]
[SourceVersion "1"]
[SourceVersionDate "2014.02.28"]
[SourceQuality "1"]

1. e4 e6 2. d4 d5 3. exd5 exd5 4. Bd3 Bd6 5. Nf3 Nf6 6. 0-0 0-0 7. Bg5 Bg4 8. Nbd2 h6 9. Bh4 Nbd7 10. c4 c6 11. c5 Bf4 12. Qc2 Re8 13. Rfe1 Qc7 14. Bg3 Nh5 15. Nh4 Nxg3 16. hxg3 Bg5 17. Nf5 Bxf5 18. Bxf5 Nf8 19. Nf3 Bf6 20. Qd2 Ne6 21. Bxe6 Rxe6 22. Rxe6 fxe6 23. Re1 Re8 24. Ne5 Bxe5 25. Rxe5 Qf7 26. Qe3 Qg6 27. Qe2 Kf7 28. a3 Rf8 29. b4 a6 30. Kh2 Ke7 31. a4 Rf5 32. b5 axb5 33. axb5 Qf6 34. Rxf5 Qxf5 35. bxc6 bxc6 36. f3 Kd8 37. Qb2 Qh5+ 38. Kg1 Qe8 39. Qb8+ Ke7 40. Qd6+ Kf7 41. Qc7+ Kf6 42. Qb7 Kg6 43. Kf2 Kf6 44. g4 Kg6 45. Qc7 Kf6 46. Qe5+ Kf7 47. Kg3 Qd7 48. Kf4 Qe7 49. Kg3 Qd7 50. f4 Kg8 51. g5 hxg5 52. Qxg5 Kf7 53. Qh5+ Kg8 54. Kh4 Qe7+ 55. Kh3 Qf6 56. g3 Qf5+ 57. Kh4 g6 58. Qh6 Qf6+ 59. Qg5 Kg7 60. Qxf6+ Kxf6 61. Kg4 Kf7 62. Kg5 Kg7 63. g4 Kf7 64. f5 gxf5 65. gxf5 Ke7 66. fxe6 Kxe6 67. Kg6 Ke7 68. Kg7 Ke6 69. Kf8 Kf5 1/2-1/2

[Event "Wch U16"]
[Site "Al Ain"]
[Date "2013.12.20"]
[Round "3"]
[White "Neagu, Mihai Cosmin"]
[Black "Gillot, Florent"]
[Result "1-0"]
[WhiteElo "2069"]
[BlackElo "1731"]
[PlyCount "67"]
[EventDate "2013.12.18"]
[EventType "swiss"]
[EventRounds "11"]
[EventCountry "UAE"]
[SourceTitle "CBM 158 Extra"]
[Source "ChessBase"]
[SourceDate "2014.02.28"]
[SourceVersion "1"]
[SourceVersionDate "2014.02.28"]
[SourceQuality "1"]

1. d4 d5 2. c4 e6 3. Nf3 Nf6 4. e3 c6 5. b3 Nbd7 6. Bb2 Bb4+ 7. Nbd2 Ne4 8. a3 Bxd2+ 9. Nxd2 Nxd2 10. Qxd2 Nf6 11. f3 Qc7 12. Bd3 b6 13. 0-0 Bb7 14. Rac1 Rd8 15. Qe2 0-0 16. b4 Qe7 17. Rc2 Nd7 18. e4 dxc4 19. Bxc4 b5 20. Bb3 Nb6 21. Rd1 Rfe8 22. Qf2 f6 23. Bc1 Nc8 24. Re1 Kh8 25. Bb2 Rd7 26. Rc5 a6 27. f4 Qd8 28. Qh4 Nb6 29. Rh5 h6 30. d5 e5 31. fxe5 fxe5 32. Qxd8 Rexd8 33. Bxe5 cxd5 34. Rxh6+ 1-0

[Event "Charleroi op"]
[Site "Charleroi"]
[Date "2013.07.27"]
[Round "1"]
[White "Gillot, Florent"]
[Black "Rey, Fabrice"]
[Result "1/2-1/2"]
[WhiteElo "1722"]
[BlackElo "2167"]
[PlyCount "104"]
[EventDate "2013.07.27"]
[EventType "swiss"]
[EventRounds "9"]
[EventCountry "BEL"]
[SourceTitle "CBM 155 Extra"]
[Source "ChessBase"]
[SourceDate "2013.08.26"]
[SourceVersion "1"]
[SourceVersionDate "2013.08.26"]
[SourceQuality "1"]

1. e4 c5 2. c3 g6 3. d4 cxd4 4. cxd4 Bg7 5. Nf3 d5 6. exd5 Nf6 7. Nc3 Nxd5 8. Qb3 Nxc3 9. bxc3 0-0 10. Be2 Nc6 11. Be3 Qc7 12. Rd1 Na5 13. Qb4 Be6 14. 0-0 Bxa2 15. Ra1 Bc4 16. Bxc4 Nxc4 17. Rfb1 Nxe3 18. fxe3 b6 19. Rb3 Rfc8 20. e4 e6 21. e5 Qc6 22. Qb5 Bh6 23. Qxc6 Rxc6 24. Ra6 Kf8 25. Kf1 Ke8 26. Ke2 Kd8 27. Nd2 Bxd2 28. Kxd2 Kc8 29. Ra1 Kb7 30. Kd3 Rac8 31. g4 a6 32. g5 h6 33. Rf1 R6c7 34. h4 hxg5 35. hxg5 Rh8 36. Rf3 b5 37. Rb1 Rh5 38. Rg3 Kb6 39. Rf1 a5 40. Rgf3 Rxg5 41. Rxf7 Rf5 42. Rf6 Rxf1 43. Rxf1 Kc6 44. Rf6 Kd5 45. Rxg6 Rh7 46. Rg8 Rh3+ 47. Kc2 b4 48. Rd8+ Ke4 49. cxb4 axb4 50. Rd6 b3+ 51. Kb2 Rd3 52. Rxe6 Rxd4 1/2-1/2

[Event "Hainaut-ch"]
[Site "Manage"]
[Date "2008.08.23"]
[Round "5.23"]
[White "Deschuyteneer, Lucien"]
[Black "Gillot, Florent"]
[Result "1/2-1/2"]
[WhiteElo "1464"]
[BlackElo "1215"]
[PlyCount "51"]
[EventDate "2008.08.23"]
[EventType "swiss"]
[EventRounds "9"]
[EventCountry "BEL"]
[SourceTitle "EXT 2024"]
[Source "ChessBase"]
[SourceDate "2023.10.10"]
[SourceVersion "1"]
[SourceVersionDate "2023.10.10"]
[SourceQuality "1"]

1. e4 c5 2. Nf3 d6 3. c3 e5 4. Bb5+ Bd7 5. Bxd7+ Nxd7 6. 0-0 Ngf6 7. Re1 Be7 8. d3 0-0 9. Nbd2 Rc8 10. Nf1 Nb6 11. Ng3 Nfd7 12. Nf5 Kh8 13. Nxe7 Qxe7 14. Qb3 Qe6 15. Qxe6 fxe6 16. Bg5 Rfe8 17. h3 c4 18. Rad1 Rc6 19. d4 Na4 20. Bc1 g6 21. dxe5 Nxe5 22. Nxe5 dxe5 23. Rd7 Nc5 24. Rf7 Kg8 25. Rf6 Kg7 26. Rf3 1/2-1/2

[Event "Hainaut-ch"]
[Site "Manage"]
[Date "2008.08.23"]
[Round "6.23"]
[White "Gillot, Florent"]
[Black "Carella, Francesco"]
[Result "1/2-1/2"]
[WhiteElo "1215"]
[BlackElo "1625"]
[PlyCount "37"]
[EventDate "2008.08.23"]
[EventType "swiss"]
[EventRounds "9"]
[EventCountry "BEL"]
[SourceTitle "EXT 2024"]
[Source "ChessBase"]
[SourceDate "2023.10.10"]
[SourceVersion "1"]
[SourceVersionDate "2023.10.10"]
[SourceQuality "1"]

1. e4 c5 2. Nc3 g6 3. b3 Bg7 4. Bb2 Nc6 5. Nf3 d6 6. Bb5 Nf6 7. Nd5 e6 8. Bxf6 Bxf6 9. Nxf6+ Qxf6 10. Bxc6+ bxc6 11. d4 cxd4 12. Qxd4 e5 13. Qc3 Bd7 14. 0-0 0-0 15. Rad1 Rfd8 16. Rd2 Rac8 17. h3 h5 18. Qe3 Be8 19. Rfd1 1/2-1/2